header

Exploring newspaper language (Record no. 135256)

MARC details
000 -LEADER
fixed length control field 01693nam a2200397 a 4500
082 04 - DEWEY DECIMAL CLASSIFICATION NUMBER
Classification number 439.8/20188
245 00 - TITLE STATEMENT
Title Exploring newspaper language
260 ## - PUBLICATION, DISTRIBUTION, ETC. (IMPRINT)
Place of publication Amsterdam ;
-- Philadelphia :
Name of publisher John Benjamins Pub. Co.,
Year of publication 2012.
300 ## - PHYSICAL DESCRIPTION
Number of Pages vi, 356 p.
490 1# - SERIES STATEMENT
Series statement Studies in corpus linguistics,
505 0# - FORMATTED CONTENTS NOTE
Formatted contents note pt. 1. Exploiting the web as a corpus : methods and tools -- pt. 2. Corpus-based case studies.
650 #0 - SUBJECT ADDED ENTRY--TOPICAL TERM
Topical Term Norwegian language (Nynorsk)
Topical Term Norwegian language (Nynorsk)
Topical Term Norwegian newspapers.
Topical Term Mass media
Topical Term Information technology
700 1# - ADDED ENTRY--PERSONAL NAME
Personal name Andersen, Gisle.
856 40 - ELECTRONIC LOCATION AND ACCESS
Uniform Resource Identifier http://site.ebrary.com/lib/rucke/Doc?id=10540413

No items available.

© 2026 Rongo University
Contact us: librarian | system librarian | Rongo university